Les départements sans .... ou avec... (2) - Statistiques

Statistiques générales
  • Ce quiz a été pris 50 fois
  • Le résultat moyen est 94 sur 120
Statistiques - réponses
Hint Réponse % Correct
Ne commence pas par R mais avec au moins un R Nord
92%
Ne commence pas par P mais avec au moins un P | Ne commence pas par R mais avec au moins un R Alpes-Maritimes
89%
Ne commence pas par N mais avec au moins un N | Ne commence pas par R mais avec au moins un R Finistère
89%
Ne commence pas par R mais avec au moins un R Jura
89%
Ne commence pas par R mais avec au moins un R Loire
89%
Ne commence pas par N mais avec au moins un N | Ne commence pas par R mais avec au moins un R Martinique
89%
Ne commence pas par R mais avec au moins un R Eure
86%
Ne commence pas par N mais avec au moins un N | Ne commence pas par R mais avec au moins un R Haut-Rhin
86%
Ne commence pas par R mais avec au moins un R Hérault
86%
Ne commence pas par R mais avec au moins un R Loiret
86%
Ne commence pas par N mais avec au moins un N | Ne commence pas par R mais avec au moins un R Morbihan
86%
Ne commence pas par N mais avec au moins un N | Ne commence pas par R mais avec au moins un R Bas-Rhin
83%
Ne commence pas par N mais avec au moins un N | Ne commence pas par R mais avec au moins un R Bouches-du-Rhône
83%
Ne commence pas par N mais avec au moins un N | Ne commence pas par R mais avec au moins un R Charente
83%
Ne commence pas par N mais avec au moins un N | Ne commence pas par R mais avec au moins un R Charente-Maritime
83%
Ne commence pas par N mais avec au moins un N | Ne commence pas par R mais avec au moins un R Indre
83%
Ne commence pas par N mais avec au moins un N | Ne commence pas par R mais avec au moins un R La Réunion
83%
Ne commence pas par N mais avec au moins un N | Ne commence pas par R mais avec au moins un R Loire-Atlantique
83%
Ne commence pas par R mais avec au moins un R Meurthe-et-Moselle
83%
Ne commence pas par N mais avec au moins un N | Ne commence pas par R mais avec au moins un R Pyrénées-Atlantiques
83%
Ne commence pas par N mais avec au moins un N | Ne commence pas par R mais avec au moins un R Seine-Maritime
83%
Ne commence pas par N mais avec au moins un N Ain
81%
Ne commence pas par R mais avec au moins un R Allier
81%
Ne commence pas par N mais avec au moins un N | Ne commence pas par P mais avec au moins un P | Ne commence pas par R mais avec au moins un R Alpes-de-Haute-Provence
81%
Ne commence pas par N mais avec au moins un N | Ne commence pas par R mais avec au moins un R Ardennes
81%
Ne commence pas par R mais avec au moins un R Ariège
81%
Ne commence pas par R mais avec au moins un R Corse-du-Sud
81%
Ne commence pas par R mais avec au moins un R Eure-et-Loir
81%
Ne commence pas par N mais avec au moins un N | Ne commence pas par R mais avec au moins un R Gironde
81%
Ne commence pas par R mais avec au moins un R Haute-Corse
81%
Ne commence pas par N mais avec au moins un N | Ne commence pas par R mais avec au moins un R Haute-Garonne
81%
Ne commence pas par R mais avec au moins un R Haute-Loire
81%
Ne commence pas par N mais avec au moins un N | Ne commence pas par R mais avec au moins un R Indre-et-Loire
81%
Ne commence pas par R mais avec au moins un R Isère
81%
Ne commence pas par R mais avec au moins un R Loir-et-Cher
81%
Ne commence pas par R mais avec au moins un R Lozère
81%
Ne commence pas par N mais avec au moins un N | Ne commence pas par R mais avec au moins un R Marne
81%
Ne commence pas par N mais avec au moins un N | Ne commence pas par R mais avec au moins un R Pyrénées-Orientales
81%
Ne commence pas par N mais avec au moins un N | Ne commence pas par R mais avec au moins un R Saône-et-Loire
81%
Ne commence pas par N mais avec au moins un N | Ne commence pas par R mais avec au moins un R Aveyron
78%
Ne commence pas par R mais avec au moins un R Cher
78%
Ne commence pas par R mais avec au moins un R Corrèze
78%
Ne commence pas par R mais avec au moins un R Côtes-d'Armor
78%
Ne commence pas par R mais avec au moins un R Creuse
78%
Ne commence pas par P mais avec au moins un P Hautes-Alpes
78%
Ne commence pas par N mais avec au moins un N | Ne commence pas par P mais avec au moins un P | Ne commence pas par R mais avec au moins un R Hautes-Pyrénées
78%
Ne commence pas par N mais avec au moins un N Ille-et-Vilaine
78%
Ne commence pas par R mais avec au moins un R Var
78%
Ne commence pas par R mais avec au moins un R Ardèche
75%
Ne commence pas par R mais avec au moins un R Deux-Sèvres
75%
Ne commence pas par N mais avec au moins un N | Ne commence pas par R mais avec au moins un R Dordogne
75%
Ne commence pas par N mais avec au moins un N Guyane
75%
Ne commence pas par N mais avec au moins un N | Ne commence pas par R mais avec au moins un R Haute-Marne
75%
Ne commence pas par N mais avec au moins un N Hauts-de-Seine
75%
Ne commence pas par R mais avec au moins un R Nièvre
75%
Ne commence pas par N mais avec au moins un N | Ne commence pas par R mais avec au moins un R Orne
75%
Ne commence pas par N mais avec au moins un N | Ne commence pas par R mais avec au moins un R Rhône
75%
Ne commence pas par R mais avec au moins un R Territoire de Belfort
75%
Ne commence pas par N mais avec au moins un N | Ne commence pas par R mais avec au moins un R Val-de-Marne
75%
Ne commence pas par N mais avec au moins un N Aisne
72%
Ne commence pas par N mais avec au moins un N Cantal
72%
Ne commence pas par R mais avec au moins un R Drôme
72%
Ne commence pas par R mais avec au moins un R Gard
72%
Ne commence pas par R mais avec au moins un R Gers
72%
Ne commence pas par N mais avec au moins un N | Ne commence pas par R mais avec au moins un R Lot-et-Garonne
72%
Ne commence pas par N mais avec au moins un N | Ne commence pas par R mais avec au moins un R Maine-et-Loire
72%
Ne commence pas par R mais avec au moins un R Paris
72%
Ne commence pas par N mais avec au moins un N | Ne commence pas par R mais avec au moins un R Seine-et-Marne
72%
Ne commence pas par N mais avec au moins un N | Ne commence pas par R mais avec au moins un R Tarn
72%
Ne commence pas par N mais avec au moins un N Landes
69%
Ne commence pas par R mais avec au moins un R Sarthe
69%
Ne commence pas par N mais avec au moins un N Seine-Saint-Denis
69%
Ne commence pas par N mais avec au moins un N | Ne commence pas par R mais avec au moins un R Tarn-et-Garonne
69%
Ne commence pas par R mais avec au moins un R Côte-d'Or
67%
Ne commence pas par N mais avec au moins un N Mayenne
67%
Ne commence pas par N mais avec au moins un N Yonne
67%
Ne commence pas par N mais avec au moins un N Essonne
64%
Ne commence pas par N mais avec au moins un N Haute-Saône
64%
Ne commence pas par N mais avec au moins un N Vendée
64%
Ne commence pas par N mais avec au moins un N Yvelines
64%
Ne commence pas par P mais avec au moins un P Guadeloupe
61%
Ne commence pas par N mais avec au moins un N Manche
61%
Ne commence pas par N mais avec au moins un N Vienne
61%
Ne commence pas par N mais avec au moins un N Haute-Vienne
58%
Aucun quiz correspondant
Distribution des résultats
% des personnes avec chaque résultat
Percentile par nombre de réponses
Votre historique - résultats
Vous n’avez pas pris ce quiz